|
|
|
|
| LEADER |
02199nam a2200553 a 4500 |
| 001 |
nkc20071712819 |
| 003 |
CZ PrNK |
| 005 |
20101122141022.0 |
| 007 |
ta |
| 008 |
070316s2007 xr e p 001 0 cze |
| 015 |
|
|
|a cnb001712819
|
| 020 |
|
|
|a 978-80-246-1306-2
|q (brož.) :
|c Kč 220,00
|
| 035 |
|
|
|a (OCoLC)137330557
|
| 040 |
|
|
|a BOA001
|b cze
|d ABA001
|
| 072 |
|
7 |
|a 808
|x Literární styl. Literární činnost a technika. Efektivní využívání jazyka. Spisovatelská činnost
|2 Konspekt
|9 11
|
| 072 |
|
7 |
|a 37.016
|x Učební osnovy. Vyučovací předměty. Učebnice
|2 Konspekt
|9 22
|
| 080 |
|
|
|a 808.1
|2 MRF
|
| 080 |
|
|
|a 791.63
|2 MRF
|
| 080 |
|
|
|a 791.632
|2 MRF
|
| 080 |
|
|
|a (07)
|2 MRF
|
| 100 |
1 |
|
|a Novotný, David Jan,
|d 1947-
|7 jk01090652
|4 aut
|
| 245 |
1 |
0 |
|a Budování příběhu, aneb, Demiurgie versus dramaturgie /
|c David Jan Novotný
|
| 246 |
3 |
0 |
|a Demiurgie versus dramaturgie
|
| 250 |
|
|
|a 1. vyd.
|
| 260 |
|
|
|a Praha :
|b Karolinum,
|c 2007
|
| 300 |
|
|
|a 234 s. ;
|c 21 cm
|
| 490 |
1 |
|
|a Učební texty Univerzity Karlovy v Praze
|
| 500 |
|
|
|a 300 výt.
|
| 504 |
|
|
|a Obsahuje bibliografii, bibliografické odkazy a rejstříky
|
| 521 |
8 |
|
|a Určeno pro posluchače Fakulty sociálních věd UK
|
| 550 |
|
|
|a Vydavatel: Univerzita Karlova v Praze
|
| 650 |
0 |
7 |
|a vypravěčské techniky
|7 ph161936
|2 czenas
|
| 650 |
0 |
7 |
|a literární tvorba
|7 ph117227
|2 czenas
|
| 650 |
0 |
7 |
|a filmová dramaturgie
|7 ph120182
|2 czenas
|
| 650 |
0 |
7 |
|a filmová scenáristika
|7 ph120187
|2 czenas
|
| 650 |
0 |
9 |
|a narration (rhetoric)
|2 eczenas
|
| 650 |
0 |
9 |
|a literary creation
|2 eczenas
|
| 650 |
0 |
9 |
|a dramaturgy (film)
|2 eczenas
|
| 650 |
0 |
9 |
|a motion picture authorship
|2 eczenas
|
| 655 |
|
7 |
|a učební texty
|7 fd133599
|2 czenas
|
| 655 |
|
9 |
|a educational texts
|2 eczenas
|
| 710 |
2 |
|
|a Univerzita Karlova
|7 kn20010710036
|
| 810 |
2 |
|
|a Univerzita Karlova.
|t Učební texty
|0 s
|
| 856 |
4 |
1 |
|u http://www.digitalniknihovna.cz/mzk/uuid/uuid:4eae8cb0-c109-11ea-b7a2-005056827e51
|y Digitalizovaný dokument
|x NDK
|
| 910 |
2 |
|
|a BOA001
|b 2-1183.550
|
| 990 |
|
|
|a BK
|
| 995 |
|
|
|a 01
|
| 991 |
|
|
|b 200703
|c NOV
|
| 996 |
6 |
|
|b 2610305193
|c 2-1183.550
|l MZK
|r Sklad / do 1 hodiny
|n 9
|p p.v.
|w 000844893
|u 000010
|a 1
|e BOA001
|j MZK50
|s P
|